000 00298nam a22001337a 4500
003 SGT
082 _a615
_bPAT
100 _aPATIL, AKANKSHA L.
245 _aCOMMUNITY PHARMACY AND MANAGEMENT
260 _aINDIA
_bS. VIKASH PUB.
_c2022
300 _a120
650 _aPHARMACY
942 _2ddc
_cBK
999 _c32503
_d32503